Todas las banderas del mundo - Estadísticas

Estadísticas generales
  • Esta prueba ha sido intentada 4.852 veces
    4.846 desde el último reinicio
  • La puntuación promedio es 142 de 248
Estadísticas de respuestas
Imagen Respuesta % Correcto
Jamaica
98%
Turquía
96%
Malta
94%
NIgeria
93%
Islandia
92%
Marruecos
91%
Camerún
88%
Panamá
88%
Etiopía
87%
Turkmenistán
81%
Liberia
80%
Croacia
79%
Francia
79%
Uruguay
79%
Georgia
78%
Ciudad del Vaticano
77%
Nicaragua
77%
Ucrania
77%
Canadá
76%
Colombia
76%
Nepal
76%
Portugal
76%
Suecia
76%
Arabia Saudi
75%
Argentina
75%
España
75%
Estados Federados de Micronesia
75%
Kenia
75%
Sudán del Sur
75%
Suiza
75%
Alemania
74%
Brasil
74%
Bulgaria
74%
Chile
74%
Estados Unidos
74%
Israel
74%
Austria
73%
Bélgica
73%
Catar
73%
Filipinas
73%
Japón
73%
Macedonia del Norte
73%
Corea del Sur
72%
Cuba
72%
Ecuador
72%
Eslovenia
72%
Estonia
72%
Luxemburgo
72%
Paraguay
72%
Singapur
72%
Túnez
72%
Haití
71%
India
71%
Irlanda
71%
Laos
71%
Pakistan
71%
Argelia
70%
Barbados
70%
Chipre
70%
Iran
70%
Italia
70%
Venezuela
70%
Australia
69%
Dinamarca
69%
Eslovaquia
69%
Inglaterra
69%
Mexico
69%
Países Bajos
69%
Reino Unido
69%
Ghana
68%
Montenegro
68%
Rusia
68%
Serbia
68%
Grecia
67%
Guatemala
67%
Letonia
67%
República Dominicana
67%
Rumania
67%
Timor Oriental
67%
Chad
66%
Costa Rica
66%
Finlandia
66%
Líbano
66%
Malasia
66%
Noruega
66%
Polonia
66%
Sudáfrica
66%
Tailandia
66%
Vietnam
66%
Bahamas
65%
Baréin
65%
Camboya
65%
República Checa
65%
Trinidad y Tobago
65%
China
64%
Costa de Marfil
64%
Honduras
64%
Irak
64%
Lituania
64%
Armenia
63%
Corea del Norte
63%
Escocia
63%
Lesoto
63%
Moldavia
63%
Puerto Rico
63%
Sri Lanka
63%
Tanzania
63%
Bielorrusia
62%
Emiratos Árabes Unidos
62%
Kuwait
62%
Madagascar
62%
Mónaco
62%
Omán
62%
Perú
62%
Taiwan
62%
Azerbaiyán
61%
Bosnia y Herzegovina
61%
Egipto
61%
Gabón
61%
Santa Lucía
61%
Somalia
61%
Uganda
61%
Antigua y Barbuda
60%
Dominica
60%
Gales
60%
Senegal
60%
Albania
59%
Andorra
59%
Kosovo
59%
Mongolia
59%
Seychelles
59%
Sudán
59%
Togo
59%
Yemen
59%
El Salvador
58%
Hungría
58%
Jordania
58%
Mozambique
58%
República Centroafricana
58%
San Marino
58%
Guyana
57%
Indonesia
57%
Liechtenstein
57%
Malaui
57%
Maldivas
57%
Surinam
57%
Zambia
57%
Angola
56%
Bangladés
56%
Botsuana
56%
Burkina Faso
56%
Bután
56%
Fiyi
56%
Groenlandia
56%
Guinea Ecuatorial
56%
Nauru
56%
Níger
56%
Nueva Zelanda
56%
Palaos
56%
Cabo Verde
55%
Hong Kong
55%
Myanmar
55%
Uzbekistán
55%
Antártida
54%
Burundi
54%
Islas Marshall
54%
Kazajistán
54%
Kirguistán
54%
Kiribati
54%
Mauritania
54%
Sierra Leona
54%
Tonga
54%
Afganistán
53%
Brunéi
53%
Comoras
53%
Isla de Man
52%
Mayotte
52%
Tayikistán
52%
Belice
51%
Eritrea
51%
Malí
51%
Palestina
51%
Papúa Nueva Guinea
51%
República Democrática del Congo
51%
Isla de Navidad
50%
Siria
50%
Benín
49%
Guam
49%
Granada
48%
Ruanda
48%
Esuatini
47%
Gibraltar
47%
Vanuatu
47%
Bolivia
46%
Guinea
46%
San Cristóbal y Nieves
46%
Tuvalu
46%
Zimbabue
46%
Gambia
45%
Islas Feroe
45%
Yibuti
45%
Libia
44%
Samoa
44%
República del Congo
43%
Islas Cook
41%
Macao
41%
Namibia
40%
Irlanda del Norte
39%
Samoa Americana
38%
Guinea-Bisáu
37%
Islas Salomón
37%
Islas Vírgenes Británicas
36%
Polinesia Francesa
36%
Nueva Caledonia
34%
Reunión
33%
Aruba
32%
Guadalupe
32%
Islas Cocos
32%
Guernsey
31%
Islas Vírgenes de los Estados Unidos
31%
Curazao
30%
Islas Caimán
30%
Islas Malvinas
30%
Montserrat
30%
San Pedro y Miquelón
29%
Tokelau
29%
Isla Norfolk
28%
Jersey
28%
San Martín
27%
Bermudas
26%
Äland
25%
Anguila
25%
Bonaire
25%
Islas Turcas y Caicos
24%
Niue
22%
Guayana Francesa
21%
Martinica
21%
Santa Elena
20%
Islas Marianas del Norte
19%
Territorio Británico del Océano Índico
19%
San Bartolomé
18%
San Vicente y Granadinas
18%
Wallis y Futuna
18%
Santo Tomé y Prinicipe
17%
Islas Georgias del Sur y Sandwich del Sur
16%
Islas Pitcairn
16%
Territorios Australes y Antárticos Franceses
11%
República Árabe Saharaui Democrática
10%
No se encontraron pruebas coincidentes
Distribución de puntuación
Porcentaje de gente con cada puntuación
Porcentaje por número respondido
Historial de tus puntuaciones
No has intentado esta prueba desde el último reinicio